Biblioteca

Josephus and the New Testament (Registro nro. 65593)

Detalles MARC
000 -LÍDER
Campo fijo de descripción fija 01316nam a2200337 i 4500
001 - NÚMERO DE CONTROL
Campo de control 768714001
003 - IDENTIFICADOR DEL NÚMERO DE CONTROL
Campo de control CO-MdFUSB
005 - FECHA Y HORA DE LA ULTIMA TRANSACCIÓN
control field 20200810104115.0
007 - CAMPO FIJO DE DESCRIPCIÓN FIJA--INFORMACIÓN GENERAL
Campo fijo de descripción fija ta
008 - ELEMENTOS DE LONGITUD FIJA -- INFORMACIÓN GENERAL
Campo fijo de descripción fija -- Información general 200331t2013 -usab||| |||| 00| 0 eng d
020 ## - NÚMERO INTERNACIONAL NORMALIZADO PARA LIBROS
Número Internacional Normalizado del libro 156563795x
040 ## - FUENTE DE CATALOGACIÓN
Agencia de catalogación original CO-MdFUSB
Idioma de catalogación spa
Agencia que realiza la transcripción CO-MdFUSB
Agencia que realiza la modificación CO-MdFUSBC
Convenciones de la descripción rda
041 ## - CÓDIGO DE IDIOMA
Código de idioma para texto/pista de sonido o título separado eng
082 ## - NÚMERO DE CLASIFICACIÓN DECIMAL DEWEY
Número de la edición del Dewey 23
Número de clasificación 933.05092
Clave de autor-Numero de item M398
100 ## - ASIENTO PRINCIPAL--NOMBRE PERSONAL
Nombre personal Mason, Steve
Término relacionador autor
245 ## - TÍTULO
Título del Material Josephus and the New Testament
Mención de responsabilidad, etc. / Steve Mason
264 #1 - PRODUCCIÓN, PUBLICACIÓN, DISTRIBUCIÓN, MANUFACTURA, Y COPYRIGHT
Lugar de producción, publicación, distribución, manufactura Estados Unidos :
Nombre del productor, publicador, distribuidor Baker Academic,
Fecha de producción, publicación, distribución, manufactura, o copyright [2013]
264 #4 - PRODUCCIÓN, PUBLICACIÓN, DISTRIBUCIÓN, MANUFACTURA, Y COPYRIGHT
Fecha de producción, publicación, distribución, manufactura, o copyright © 2013
300 ## - DESCRIPCIÓN FÍSICA
Extensión 318 páginas
Dimensiones ; 23 cm
336 ## - TIPO DE CONTENIDO
Fuente rdacontent
Término de tipo de contenido texto
Código de tipo de contenido txt
337 ## - TIPO DE MEDIO
Fuente rdamedia
Nombre del tipo de medio sin mediación
Código del tipo de medio n
338 ## - TIPO DE SOPORTE
Fuente rdacarrier
Nombre del tipo de soporte volumen
Código Tipo de soporte nc
500 ## - NOTA GENERAL
Nota General Colección Dawn Christina Harrell<br/>
505 ## - NOTA DE CONTENIDO
Nota de contenido con formato preestablecido Introducción: el propósito de este libro - El uso y abuso de Josefo - La carrera de Josefo - Los escritos de Josefo - Quién es quién en el mundo del Nuevo Testamento? - Figuras cristianas primitivas mencionadas por Josefo. -- Josefo y Lucas-Hechos -<br/>Conclusión: La importancia de Josefo para el estudio del Nuevo Testamento. -- índice de temas - Índice de fuentes antiguas.
563 ## - NOTA DE ENCUADERNACIÓN
Nota de encuadernación Rústico
600 #0 - ASIENTO SECUNDARIO DE MATERIA - NOMBRE PERSONAL
Nombre personal Josephus, Flavius
Subdivisión general Biografías.
630 #0 - TITULO UNIFORME
Título uniforme Biografías.
942 ## - TIPO DE MATERIAL (KOHA)
Tipo de Item KOHA Libros General
945 ## - INFORMACIÓN LOCAL DEL REGISTRO
Catalogador JTF-925
Revisión registro AEM-53
Existencias
Estado de Material Estado de Perdido Forma de Clasificación Estado de Dañado No para Préstamo Colección Biblioteca de Origen Biblioteca Permanente Fecha de Adquisición Forma de Adquisición Área Total de Préstamos Signatura Topográfica Código de Barras Última vez visto Ejemplar/Existencia Fecha de Remplazo Tipo de Material
    Dewey Decimal Classification     Colección General Biblioteca FUSBC Biblioteca FUSBC 31/03/2020 Colección Dawn Christina Harrell BIOGRAFIA   G 933.05092 M398j 21253 31/03/2020 Ej.1 31/03/2020 Libros General

Biblioteca FUSBC | Teléfono: (57+4) 349 88 10 Ext. 141| WhatsApp (+57) 3005338115 
E-mail: biblioteca@unisbc.edu.co | Calle 76 87-14 Robledo Palenque, Medellín, Colombia

Con tecnología Koha